|
|
|
|
| LEADER |
00000naa a2200000uu 4500 |
| 001 |
vtls011051204 |
| 003 |
SK-MaSNL |
| 005 |
20260302113449.0 |
| 008 |
220810|2006 xo |||||||||||||||||cze| |
| 015 |
|
|
|a SNBRA
|
| 035 |
|
|
|a (urnnbn)urn:nbn:sk:snk:ar-a0bukr
|
| 035 |
|
|
|a (uuid)b59bd7ff-ffa1-43a0-9989-8d907c7a96b5
|
| 035 |
|
|
|a urn:nbn:sk:snk-aav1m2
|
| 040 |
|
|
|a SNKBUCL
|b slo
|c SNKBUCL
|e AACR2
|
| 041 |
0 |
|
|a cze
|
| 044 |
|
|
|a xo
|c SK
|
| 100 |
1 |
|
|a Mrkvica, Ivan
|4 aut
|9 780168
|
| 245 |
1 |
0 |
|a Počateční kontakt břitu nástroje při frézování
|c Ivan MRKVICA, Viktor UHLÁŘ
|
| 246 |
3 |
|
|a Initial Contact of Tools Knife at Milling
|
| 700 |
1 |
|
|a Uhlář, Viktor
|4 aut
|9 794049
|
| 773 |
0 |
|
|t Nové smery vo výrobných technológiách 2006
|d Prešov : Fakulta výrobných technológií Technickej univerzity, 2006
|g S. 101-104
|z 8080735549
|
| 954 |
|
|
|a odborná, vedecká literatúra cudzojazyčná (svetová)
|2 lita
|
| 958 |
|
|
|a OND
|
| 958 |
|
|
|a article12
|
| 958 |
|
|
|a chapter
|
| 999 |
|
|
|c 1255721
|d 1257651
|